Das Falkenauer Land nach dem Zweiten Weltkrieg

Titel: Das Falkenauer Land nach dem Zweiten Weltkrieg
Verfasser:
In: Jahrbuch der Egerländer, Band 47, Heft 72-76 (2000), Seite 72-76, Abb.
alle Artikel anzeigen
Veröffentlicht: 2000 [1999]
Format: Aufsatz
Sprache: Deutsch
Kein Bild verfügbar
X
alg: 39176214
001A    $01999:11-11-16 
001B    $01999:29-03-21 $t21:46:36.000 
001C    $06050:19-11-16 $t09:15:29.000 
001D    $01999:11-11-16 
001U    $0utf8 
001X    $00 
002@    $0Aox 
003@    $0391762141 
007A    $0391762141 $aHEB 
007T    $0Herd59205 
010@    $ager 
011@    $a2000 $n2000 [1999] 
021A    $aDas @Falkenauer Land nach dem Zweiten Weltkrieg 
028A    $aPleyer $dWenzel 
031A    $d47 $e72-76 $h72-76, Abb. $j2000 
037A    $aFortsetzung aus Egerländer Jahrbuch 46 (1999 [1998]) 58-60. Enthält Ortsverzeichnis 
039B    $aIn $8--Abvc--. Jahrbuch der Egerländer. - Nürnberg : HPV Druck + Versand GmbH, 1953-[2022] $x200000000470072928 $9047691646 
045F    $a900.943710904 $eDDC23BSB 
045F/01 $a900 
045F/03 $f0904 
045F/03 $g4371 
045T    $a7,41 

lok: 39176214 78

exp: 39176214 78 1 #EPN
201B/01 $029-06-21 $t22:47:08.000 
201U/01 $0utf8 
203@/01 $0787856991 
208@/01 $a11-11-16 $be 
209A/01 $a/ $f000 $x00 
220C/01 $aTitelaufnehmer: rk 
244Z/01 $#Tschechien $#Tschechische Republik $#Tschechische Republik $#Tschechenland $#Tschechei Tschechien $#Česká Republika $#Czech Republic $#ČR $74303381-7 $8--Tg1--Tschechien $x01 $9086659812 
244Z/01 $2Trx $#Böhmen $#Bohemia $#Czechy $8--Trx--Čechy $x02 $9391188941 
244Z/01 $#Sokolovsko $#Falkenau, Region Eger $74459578-5 $8--Tg1--Sokolov$zRegion $x03 $9088902072 
244Z/01 $aGeschichte 1945-1992 $x04 
244Z/01 $2Trx $#ülevaated kohad $#vietovės bendras $#overview cities $#ábrázolások, átfogó helyek $#miejscowości poszczególne $#dejiny miestne $#dějiny místní $#Ortsgeschichte $#Städte $#Orte $#miasta $#miestne dejiny $8--Trx--Darstellungen, übergreifende$gOrte $x05 $9391384228 
244Z/01 $2Trx $#pagendamine ümberasustamine 1938-1950 $#perkėlimai iškėlimai 1938-1950 $#expulsion resettlement 1938-1950 $#ethnic cleansing $#kiűzés áttelepítés 1938-1950 $#przesiedlenia wysiedlenia 1938-1950 $#odsun presídlenie 1938-1950 $#odsun přesídlení 1938-1950 $#Umsiedlung 1938-1950 $#wysiedlenia $#presídlenie 1938-1950 $8--Trx--Vertreibung$xUmsiedlung$g1938-1950 $x06 $9391362763 
244Z/01 $2Trx $8--Trx--Zeitschriftenaufsatz $x07 $9391384341 
245Z/01 $a13.02 $x01 
245Z/01 $a06.04.04 $x02 
247C/01 $82080>Marburg/Lahn, Herder-Institut, Forschungsbibliothek, Bibliographieportal $9336309341
LEADER 00000caa a22000002c 4500
001 391762141
003 DE-603
005 20210329214636.0
007 tu
008 161111s2000 xx |||| | u00||u|ger c
035 |a (DE-599)HEB391762141 
040 |a DE-603  |b ger  |c DE-603  |d DE-603 
041 |a ger 
082 0 4 |8 1\u  |a 900.943710904  |q DE-101  |2 23/BSB 
084 |a 7,41  |2 ssgn 
085 |8 1\u  |b 900 
085 |8 1\u  |z 1  |s 0904 
085 |8 1\u  |z 2  |s 4371 
100 1 |a Pleyer, Wenzel 
245 0 0 |a ˜Dasœ Falkenauer Land nach dem Zweiten Weltkrieg 
264 0 |c 2000 [1999] 
500 |a Fortsetzung aus Egerländer Jahrbuch 46 (1999 [1998]) 58-60. Enthält Ortsverzeichnis 
773 0 8 |i In  |t Jahrbuch der Egerländer  |d Nürnberg : HPV Druck + Versand GmbH, 1953-[2022]  |g Band 47, Heft 72-76 (2000), Seite 72-76, Abb.  |w (DE-603)047691646  |w (DE-600)505324-9 
924 0 |9 2080  |a (DE-603)787856991  |b DE-2080  |c HES  |d d  |g /